000 00539nam a22001937a 4500
003 UA-OsUOA
001 43756
007 ta
008 20091028b un ||||| |||| 00| 0 ukr d
090 _a82-6
_bД63
942 _cBKA
040 _aUA-OsUOA
_beng
_cUA-OsUOA
_dUA-OsUOA
245 _aЛисти подяки організаторам виставки від різних установ
955 _a4
041 _aeng
080 _a82-6
650 7 _a82 Література. Літературознавство
_2UDC
999 _c442230
_d442230